000 00788nam a2200205 i 4500
001 118700
003 ES-MaACL
005 20251210144621.0
007 t|
008 070214s1961 sp r ||||1| spa d
100 1 _aPi y Navarro, Manuel.
_991734
245 1 4 _aLos primeros veinticinco años de la vida de José Calvo Sotelo
_b: (apuntes para una biografía) /
_cManuel Pi y Navarro ; prólogo del Excmo. Sr. Conde de Vallellano.
260 _aZaragoza :
_b[s. n.],
_cTall. El Noticiero (
_f1961)
300 _a134 p. ;
_c21 cm.
599 _aEn cub.: retr. de José Calvo Sotelo.
600 1 4 _aCalvo Sotelo, José,
_d1893-1936
_933914
700 1 _aSuárez de Tangil y de Angulo, Fernando,
_cConde de Vallellano
_9108609
852 _aES-MaACL
_jC-20969
999 _c118700
_d118700